| 000 | 00922nam a2200193 a 4500 | ||
|---|---|---|---|
| 008 | 120416s1981 ||||||||||||||||| || u | ||
| 050 | _aHF 5635 Her | ||
| 100 | _aHermanson, Roger H | ||
| 245 | 1 | 0 | _aFinancial accounting |
| 260 |
_aPlano, [Tex.] _bBusiness Publication _c1981 |
||
| 300 | _axi, 679p. : ill | ||
| 350 | _a0.00 | ||
| 650 | 0 | _aACCOUNTING--HANDBOOKS, MANUALS, ETC | |
| 650 | _aFINANCIAL ACCOUNTING | ||
| 700 | _aGarrison, Ray H | ||
| 995 |
_aMAIN LIBRARY OPEN ACCESS _D0.00 _e704383 _FCBU-MAIN LIBRARY (Kitwe) _H3 _I45.00 _jHF 5635 HER _M1 _ULOST _y007842 _ZMain Library Open Access Collection |
||
| 995 |
_aANNEX COLLECTION (Main Library) _D0.00 _e704384 _FCBU-MAIN LIBRARY (Kitwe) _H1 _I45.00 _jHF 5635 HER _M3 _UAVAILABLE _y007844 _ZAnnex Low-Usage Collection |
||
| 995 |
_aANNEX COLLECTION (Main Library) _D0.00 _e704382 _FCBU-MAIN LIBRARY (Kitwe) _H2 _I45.00 _jHF 5635 HER _M2 _UAVAILABLE _y007843 _ZAnnex Low-Usage Collection |
||
| 999 |
_c63050 _d63050 |
||